000 00842nam a2200265Ia 4500
003 OSt
005 20221005082056.0
006 a|||||r|||| 00| 0
007 ta
008 221004b |||||||| |||| 00| 0 urd d
020 _a8126024194 (hbk)
_c150
024 _a25123
037 _b4630, 31/12/2015, Kitabi Duniya
_cTextual
040 _aCRL
_cCRL
_burd
041 _2urd
_aurd
082 _aO116,3M05x, 168P7.2
100 _aDevsare Hari Krishan Tr.
_9183468
245 0 _aHans anderson ki kahaniyan
260 _aNew Delhi
_bSahitya Akademi India
_c2007
300 _a268p.
_ccm.
650 _aDANISH LITERATURE
700 _a Rahman S.A. Tr.
_9183470
942 _hO116,3M05x, 168P7.2
_cTEXL
_2cc
999 _c988692
_d988692